हिंदी पत्रकारिता : (Record no. 111845)
[ view plain ]
| 000 -LEADER | |
|---|---|
| fixed length control field | 01220nam a22002537a 4500 |
| 005 - DATE AND TIME OF LATEST TRANSACTION | |
| control field | 20181115172912.0 |
| 010 ## - LCCN (DPL NO) | |
| LC control number | B-168997, B-169028 |
| 020 ## - INTERNATIONAL STANDARD BOOK NUMBER | |
| Terms of availability | 00.00 |
| International Standard Book Number | 8173917221 |
| 035 ## - SYSTEM CONTROL NUMBER | |
| System control number | B-168997, B-169028 |
| 037 ## - SOURCE OF ACQUISITION | |
| Source of stock number/acquisition | Cen Lib/Ret |
| 082 ## - DEWEY DECIMAL CLASSIFICATION NUMBER | |
| Classification number | 070.4 |
| Item number | सिन्हाअ |
| 100 ## - MAIN ENTRY--PERSONAL NAME | |
| Personal name | सिन्हा, अनिल |
| 245 ## - TITLE STATEMENT | |
| Title | हिंदी पत्रकारिता : |
| Statement of responsibility, etc | अनिल सिन्हा |
| Remainder of title | इतिहास,स्वरुप और संभावनाएं / |
| 246 ## - VARYING FORM OF TITLE | |
| Title proper/short title | Hindi patrkarita : itihas,swaroop aur sambhavnaaen / |
| Remainder of title | by Anil Sinha |
| 260 ## - PUBLICATION, DISTRIBUTION, ETC. (IMPRINT) | |
| Name of publisher, distributor, etc | कनिष्क पब्लिशर्स |
| Place of publication, distribution, etc | नई दिल्ली |
| Date of publication, distribution, etc | 2005 |
| 270 ## - ADDRESS | |
| Address | 4697/5-21A, अंसारी रोड, दरियागंज |
| City | नई दिल्ली |
| Postal code | 110002 |
| 300 ## - PHYSICAL DESCRIPTION | |
| Extent | viii,197पृ. |
| Dimensions | 21सेमी (सजिल्द) |
| 650 ## - SUBJECT ADDED ENTRY--TOPICAL TERM | |
| Topical term or geographic name as entry element | हिंदी पत्रकारिता |
| 650 ## - SUBJECT ADDED ENTRY--TOPICAL TERM | |
| Topical term or geographic name as entry element | पत्रकारिता -- इतिहास-स्वरुप |
| 650 ## - SUBJECT ADDED ENTRY--TOPICAL TERM | |
| Topical term or geographic name as entry element | Hindi journalism |
| 650 ## - SUBJECT ADDED ENTRY--TOPICAL TERM | |
| Topical term or geographic name as entry element | Journalism -- History -nature |
| 942 ## - ADDED ENTRY ELEMENTS (KOHA) | |
| Source of classification or shelving scheme | Dewey Decimal Classification |
| Item type | Hindi Books |
| Classification part | 070.4 |
| Call number suffix | सिन्हाअ |
| Withdrawn status | Lost status | Not for loan | Home library | Current library | Date acquired | Source of acquisition | Cost, normal purchase price | Full call number | Barcode | Copy number | Cost, replacement price | Koha item type | Collection code |
|---|---|---|---|---|---|---|---|---|---|---|---|---|---|
| Central Library | Central Library | 05/08/2015 | Cen Lib/Ret | 0.00 | 070.4 सिन्हाअ | B-168997 | 1 | 0.00 | Hindi Books | ||||
| R.C.Libraries (zls) | R.C.Libraries (zls) | 15/11/2018 | 400.00 | 070.4 सिन्हाअ | B-169028 | 1. | 400.00 | Hindi Books | Non-fiction |
